000
00275nam a2200109Ia 4500
008
190914s9999||||xx |||||||||||||| ||und||
100
_a
Arifa Farid
245
0
_a
Muslim Women in World Religious' Perspective
260
_a
New Delhi
_b
Addison
_c
1998
300
_a
555
942
_c
BK
999
_c
9009
_d
9009